000196144 001__ 196144
000196144 005__ 20230317124148.0
000196144 020__ $$a978-1-4684-3523-8
000196144 020__ $$a978-1-4684-3523-8
000196144 0247_ $$2doi$$a10.1007/978-1-4684-3521-4_7
000196144 037__ $$aGSI-2016-01975
000196144 041__ $$aEnglish
000196144 082__ $$a539.7092
000196144 1001_ $$aIachello, F.$$b0$$eEditor
000196144 245__ $$aB(E2)-Values of High Spin States in $^{158}DY$
000196144 260__ $$aBoston, MA$$bSpringer US$$c1979
000196144 29510 $$aInteracting Bosons in Nuclear Physics / Iachello, F. (Editor)   ; Boston, MA : Springer US, 1979, Chapter 7 ; ISBN: 978-1-4684-3523-8 ; doi:10.1007/978-1-4684-3521-4
000196144 300__ $$a75 - 77
000196144 3367_ $$2ORCID$$aBOOK_CHAPTER
000196144 3367_ $$07$$2EndNote$$aBook Section
000196144 3367_ $$2DRIVER$$abookPart
000196144 3367_ $$2BibTeX$$aINBOOK
000196144 3367_ $$2DataCite$$aOutput Types/Book chapter
000196144 3367_ $$0PUB:(DE-HGF)7$$2PUB:(DE-HGF)$$aContribution to a book$$bcontb$$mcontb$$s1479221867_16855
000196144 4900_ $$aEttore Majorana International Science Series
000196144 500__ $$a; English
000196144 536__ $$0G:(DE-HGF)POF3-899$$a899 - ohne Topic (POF3-899)$$cPOF3-899$$fPOF III$$x0
000196144 588__ $$aDataset connected to CrossRef Book
000196144 7001_ $$0P:(DE-Ds200)BUDP1-0064$$aEmling, Hans$$b1$$ugsi
000196144 773__ $$a10.1007/978-1-4684-3521-4_7
000196144 909CO $$ooai:repository.gsi.de:196144$$pVDB
000196144 9101_ $$0I:(DE-Ds200)20121206GSI$$6P:(DE-Ds200)BUDP1-0064$$aGSI Helmholtzzentrum für Schwerionenforschung GmbH$$b1$$kGSI
000196144 9131_ $$0G:(DE-HGF)POF3-899$$1G:(DE-HGF)POF3-890$$2G:(DE-HGF)POF3-800$$3G:(DE-HGF)POF3$$4G:(DE-HGF)POF$$aDE-HGF$$bProgrammungebundene Forschung$$lohne Programm$$vohne Topic$$x0
000196144 920__ $$lyes
000196144 9201_ $$0I:(DE-Ds200)BUD-20051214OR030$$kBUD$$lBibliothek & Dokumentation$$x0
000196144 980__ $$acontb
000196144 980__ $$aVDB
000196144 980__ $$aI:(DE-Ds200)20120319OR030
000196144 980__ $$aI:(DE-Ds200)BUD-20051214OR030
000196144 980__ $$aUNRESTRICTED